00640nam a2200193 a 45000010005000000030005000050050017000100080041000270400020000682450023000882600042001112600024001533000019001775000108001966000020003049420013003249990015003379520094003525429CDMR20131010111309.0130130s1997||||||||||||||||||||||||||||d aCDMRbcatcCDMR 0aPla i els artistes aBarcelonabFundació Caixa Catalunya c1997bRevista Nexus a64 p.bil. col aNúmero monogràfic (núm. 18, juliol de 1997) de la revista Nexus, de la Fundació Caixa Catalunya1 9827aPla, Josep cMON2udc c5429d5429 00104070aCDMRbCDMRd2013-01-16l0oDu 1/12pCDMR13108244r2013-01-16w2013-01-16yMON